|
|
|
|
| LEADER |
00000nam0a2200000 4500 |
| 001 |
330407 |
| 005 |
20231102004246.0 |
| 010 |
|
|
|a 570200048X
|
| 035 |
|
|
|a (RuTPU)RU\TPU\book\356181
|
| 090 |
|
|
|a 330407
|
| 100 |
|
|
|a 20170404d1990 m y0rusy50 ca
|
| 101 |
0 |
|
|a rus
|
| 102 |
|
|
|a RU
|
| 105 |
|
|
|a c z 001zy
|
| 200 |
1 |
|
|a Политика-привилегия всех. Книга публицистики
|f Е. А. Евтушенко
|
| 210 |
|
|
|a Москва
|c Изд-во АПН
|d 1990
|
| 215 |
|
|
|a 624 с.
|c портр.
|
| 320 |
|
|
|a Вступительная статья: с. 5-8
|
| 600 |
|
1 |
|a Евтушенко
|b Е. А.
|c русский поэт
|f 1933-2017
|g Евгений Александрович
|2 stltpush
|3 (RuTPU)RU\TPU\pers\8218
|9 1615
|
| 606 |
1 |
|
|a Русская литература современная
|2 stltpush
|3 (RuTPU)RU\TPU\subj\26373
|9 50316
|
| 610 |
1 |
|
|a советская литература
|
| 610 |
1 |
|
|a публицистика
|
| 610 |
1 |
|
|a русские поэты
|
| 610 |
1 |
|
|a общественные деятели
|
| 610 |
1 |
|
|a общественная деятельность
|
| 610 |
1 |
|
|a статьи
|
| 610 |
1 |
|
|a очерки
|
| 610 |
1 |
|
|a проза
|
| 610 |
1 |
|
|a интервью
|
| 675 |
|
|
|a Р2
|v 4
|
| 700 |
|
1 |
|a Евтушенко
|b Е. А.
|c русский поэт
|f 1933-2017
|g Евгений Александрович
|2 stltpush
|3 (RuTPU)RU\TPU\pers\8218
|9 1615
|
| 801 |
|
1 |
|a RU
|b 63413507
|c 20170404
|
| 801 |
|
2 |
|a RU
|b 63413507
|c 20201221
|g RCR
|
| 942 |
|
|
|c BK
|